Automate the Boring Stuff with Python

Saved in:
书目详细资料
主要作者: Al Sweigart
格式: 图书
出版: No Starch
主题:
标签: 添加标签
没有标签, 成为第一个标记此记录!

MARC

LEADER 00000nam a2200000Ia 4500
005 20260427112641.0
526 |b Data Science 
100 |a Al Sweigart 
020 |a 9781718503403 
650 |a Programming 
526 |a Bachelors 
942 |c BK 
245 |a Automate the Boring Stuff with Python 
260 |b No Starch 
999 |c 11  |d 11 
952 |0 0  |1 0  |4 0  |7 0  |8 2  |a BRISTOL  |b BRISTOL  |d 2026-04-22  |l 0  |p 000038  |r 2026-04-27 11:26:41  |w 2026-04-27  |y BK